Místicos franciscanos españoles. (Record no. 170692)
[ view plain ]
| 000 -LEADER | |
|---|---|
| campo de control de longitud fija | 01257nam a2200277 i 4500 |
| 001 - NÚMERO DE CONTROL | |
| campo de control | 170692 |
| 003 - IDENTIFICADOR DE NÚMERO DE CONTROL | |
| campo de control | ES-MaACL |
| 005 - FECHA Y HORA DE LA ÚLTIMA TRANSACCIÓN | |
| campo de control | 20251009174453.0 |
| 008 - DATOS DE LONGITUD FIJA--INFORMACIÓN GENERAL | |
| campo de control de longitud fija | 090331s1948 sp |||| | spa d |
| 245 00 - MENCIÓN DEL TÍTULO | |
| Título | Místicos franciscanos españoles. |
| Número de parte o sección de la obra | T. II / |
| Mención de responsabilidad, etc. | edición preparada por los redactores de "Verdad y Vida" ; introducciones de Juan Bautista Gomis. |
| 260 ## - PUBLICACIÓN, DISTRIBUCIÓN, ETC. | |
| Lugar de publicación, distribución, etc. | Madrid : |
| Nombre del editor, distribuidor, etc. | [La Editorial Católica], |
| Fecha de publicación, distribución, etc. | 1948. |
| 300 ## - DESCRIPCIÓN FÍSICA | |
| Extensión | XVI, 837 p. ; |
| Dimensiones | 20 cm. |
| 490 1# - MENCIÓN DE SERIE | |
| Mención de serie | Biblioteca de Autores Cristianos ; |
| Designación de volumen o secuencia | 44 |
| 505 8# - NOTA DE CONTENIDO CON FORMATO | |
| Nota de contenido con formato | Contiene: ; |
| Título | Subida al Monte Sión / Fray Bernardino de Laredo ; |
| -- | Oratorio de religiosos y ejercicio de virtuosos / Fray Antonio de Guevara ; |
| -- | Infancia espiritual / Fray Miguel de Medina ; |
| -- | Las tres vías / Nicolás Factor |
| 700 1# - ENTRADA AGREGADA--NOMBRE PERSONAL | |
| Nombre de persona | Gomis, Juan Bautista. |
| 9 (RLIN) | 58210 |
| 700 0# - ENTRADA AGREGADA--NOMBRE PERSONAL | |
| Nombre de persona | Guevara, Antonio de, |
| Fechas asociadas al nombre | ca. 1480-1545 |
| 9 (RLIN) | 60606 |
| 700 1# - ENTRADA AGREGADA--NOMBRE PERSONAL | |
| Nombre de persona | Laredo, Bernardino de, |
| Fechas asociadas al nombre | 1482-1540 |
| 9 (RLIN) | 139699 |
| 700 ## - ENTRADA AGREGADA--NOMBRE PERSONAL | |
| Nombre de persona | Nicolás Factor, |
| Títulos y otros términos asociados al nombre | Beato, |
| Fechas asociadas al nombre | 1520-1583 |
| 9 (RLIN) | 188974 |
| 740 02 - ENTRADA AGREGADA--TÍTULO RELACIONADO/ANALÍTICO NO CONTROLADO | |
| Título relacionado o analítico no controlado | Subida al Monte Sión. |
| 740 02 - ENTRADA AGREGADA--TÍTULO RELACIONADO/ANALÍTICO NO CONTROLADO | |
| Título relacionado o analítico no controlado | Oratorio de religiosos y ejercicio de virtuosos. |
| 740 02 - ENTRADA AGREGADA--TÍTULO RELACIONADO/ANALÍTICO NO CONTROLADO | |
| Título relacionado o analítico no controlado | Infancia espiritual. |
| 740 42 - ENTRADA AGREGADA--TÍTULO RELACIONADO/ANALÍTICO NO CONTROLADO | |
| Título relacionado o analítico no controlado | Las tres vías. |
| 830 00 - PUNTO DE ACCESO ADICIONAL DE SERIE-TÍTULO UNIFORME | |
| Título uniforme | Biblioteca de autores cristianos |
| Designación de volumen o secuencia | 44 |
| 9 (RLIN) | 178679 |
| 852 ## - LOCALIZACIÓN | |
| Ubicación | ES-MaACL |
| Número de control de estantería | J-42 |
| Estatus retirado | Estado de pérdida | Estado de daño | No para préstamo | Biblioteca de origen | Biblioteca actual | Ubicación en estantería | Fecha de adquisición | Fuente de adquisición | Total de préstamos | Signatura topográfica completa | Código de barras | Visto por última vez | Precio de reemplazo | Tipo de ítem Koha |
|---|---|---|---|---|---|---|---|---|---|---|---|---|---|---|
| Biblioteca del Ateneo de Madrid | Biblioteca del Ateneo de Madrid | Depósito 2 | 31/03/2009 | J-42 | 1179133 | 23/02/2023 | 23/02/2023 | Libro impreso |
